000 00482nab a2200145Ia 4500
003 ES-SlBCS
005 20210601134620.0
008 140529s1982 xxu||||| |||| 00| 0 spa d
041 _aspa
100 1 _aZagarra Olavarría, Carlos
_9220457
245 0 0 _aLa hermenéutica antropológica en la perspectiva latinoamericana
_c Carlos Zagarra Olavarría
650 0 4 _aHermenéutica Antropológica
_9220458
773 0 _tAnthropos
_gvol. 3, nº. 4, 1982, págs. 50-59
_wRev38
942 _cAR
999 _c615323
_d615323